Joan edukira

Английский язык для подготовки научно-педагогических кадров учебное пособие

Учебное пособие предназначено для аспирантов первого года обучения, изучающих английский язык и имеющих целью сдачу кандидатского экзамена по иностранному языку. Пособие предназначено как для аудиторной, так и для самостоятельной работы. Ключевые слова: аспирантура, иностранный язык для научных целе...

Deskribapen osoa

Gorde:
Xehetasun bibliografikoak
Egile nagusia: Алешугина Е. А.
Beste egile batzuk: Лошкарева Д. А., Патяева Н. В.
Formatua: Книга
Hizkuntza:Russian
Argitaratua: Нижний Новгород ННГАСУ 2022
Sarrera elektronikoa:https://e.lanbook.com/book/260021
https://e.lanbook.com/img/cover/book/260021.jpg
Etiketak: Etiketa erantsi
Etiketarik gabe, Izan zaitez lehena erregistro honi etiketa jartzen!
LEADER 03535nam0a2200289 i 4500
001 260021
003 RuSpLAN
005 20221220174205.0
008 221220s2022 ru gs 000 0 rus
020 |a 978-5-528-00478-5 
040 |a RuSpLAN 
041 0 |a rus 
044 |a ru 
080 |a 372.881.111.1 
084 |a 81.432.1  |2 rubbk 
245 0 0 |a Английский язык для подготовки научно-педагогических кадров  |b учебное пособие  |c Алешугина Е. А.,Лошкарева Д. А.,Патяева Н. В. 
260 |a Нижний Новгород  |b ННГАСУ  |c 2022 
300 |a 74 с. 
504 |a Библиогр.: доступна в карточке книги, на сайте ЭБС Лань 
520 8 |a Учебное пособие предназначено для аспирантов первого года обучения, изучающих английский язык и имеющих целью сдачу кандидатского экзамена по иностранному языку. Пособие предназначено как для аудиторной, так и для самостоятельной работы. Ключевые слова: аспирантура, иностранный язык для научных целей, кандидатский минимум по иностранному языку. Учебное пособие имеет целью обеспечить подготовку специалиста, владеющего иностранным языком как средством осуществления научной деятельности в иноязычной языковой среде и средством межкультурной коммуникации, — специалиста, приобщенного к науке и культуре стран изучаемого языка, понимающего значение адекватного овладения иностранным языком для творческой научной и профессиональной деятельности. В пособии представлены аутентичные тексты общенаучной направленности, а также разнообразные по форме и содержанию упражнения, основанные на активных технологиях обучения и направленных на активизацию изученного материала, а также представлена программа по иностранному языку для аспирантов и материалы, необходимые для подготовки к сдаче кандидатского минимума на английском языке. Учебное пособие предназначено для аспирантов, осваивающих дисциплину Блока1 «Иностранный язык» по всем направлениям подготовки. 
521 8 |a Книга из коллекции ННГАСУ - Языкознание и литературоведение 
100 1 |a Алешугина Е. А. 
700 1 |a Лошкарева Д. А. 
700 1 |a Патяева Н. В. 
856 4 |u https://e.lanbook.com/book/260021 
856 4 8 |u https://e.lanbook.com/img/cover/book/260021.jpg 
953 |a https://e.lanbook.com/img/cover/book/260021.jpg